| 000 | 00383cam a22001331 4500 | ||
|---|---|---|---|
| 082 |
_a895.13 _bBUC |
||
| 100 | 1 |
_aBuck, Pearl S. _950676 |
|
| 245 | 1 | 0 |
_aToday and forever, _bstories of China _c[by] Pearl S. Buck. |
| 260 |
_aNew York, _bThe John Day company _c[c1941] |
||
| 300 |
_a327 p. _c22 cm. |
||
| 526 |
_a0 _b0 _c0 _d895_130000000000000_BUC |
||
| 650 |
_aMCE _9379 |
||
| 942 |
_2ddc _cBK |
||
| 999 |
_c553434 _d553434 |
||